Statistics for Top 15 Most Dangerous Countries in The World

Click here to take the quiz!

General Stats

  • This quiz has been taken 2,547 times
  • The average score is 11 of 15

Answer Stats

Peace Index (The higher the worse)Answer% Correct
3.574Afghanistan
92%
3.369Iraq
90%
3.566Syria
87%
3.093Russia
81%
3.412Yemen
79%
3.3Somalia
78%
2.921North Korea
76%
3.072Pakistan
74%
2.995Sudan
74%
3.218Democratic Republic of the Congo
73%
3.526South Sudan
72%
2.95Ukraine
72%
3.285Libya
67%
3.296Central African Republic
56%
3.015Turkey
45%

Score Distribution

Percentile by Number Answered

Percent of People with Each Score

Your Score History

You have not taken this quiz